000 00464nam a22001577a 4500
005 20240828081321.0
008 240828b |||||||| |||| 00| 0 eng d
041 _aEnglish/Afrikaans
082 _a349 LAW
100 _lEnglish/Afrikaans
245 _aThe Laws of South West Africa 1986
260 _aWidnhoek:
_bBy Authority,
_c1986
300 _blvii, 61 pages;
_c25 cm.
650 _aLegal practice
_bLaw
942 _cBK
_6ALISON_BN_VRIES
999 _c2887
_d2887